00575nam a22002057a 450000500170000001000130001702000110003003500130004103700160005404000120007008200140008210000230009624500460011926000380016527000930020330000200029665000220031665000280033870000030036620170124110020.0 aA-763868 c150.00 aA-763868 bCen Lib/Ret aDPLbEN a6610bJOS aJoshi, Mahendra K. aIn defence doctors /cby Mahendra K.Joshi aAhmedabadbMahendra K.Joshic1995 a49,First floor Ellisbridge shopping center opp. Town hall Ashram roadbAhmedabade380006 a116p.c20cm(Hb) aPolitical Science aPolitics and Government